| 000 | 01391nam0a2200337 4500 | ||
|---|---|---|---|
| 001 | RU\NLR\BIBL_A\011456954 | ||
| 005 | 20240727032012.0 | ||
| 010 |
_a9785001080527 _94100 |
||
| 021 |
_aRU _b2017-53679 _93827 |
||
| 035 | _a(RuMoRGB)008943256 | ||
| 035 | _a(NLR Aleph) 011456954 | ||
| 090 |
_a11782175 _c11782175 |
||
| 100 | _a20170816d2017 e y0rusy50 ca | ||
| 101 | 1 |
_arus _ceng |
|
| 102 | _aRU | ||
| 105 | _aaczzzz0|||0ay | ||
| 200 | 1 |
_aВенецианский купец _e[трагикомедия _eдля среднего школьного возраста] _fУильям Шекспир _g[перевод с английского Т. Щепкиной-Куперник] _gиллюстрации Джеймса Дромгола Линтона |
|
| 210 |
_aМосква _cИздательский Дом Мещерякова _d2017 |
||
| 215 |
_a220, [3] с., [30] л. цв. ил. _cил., цв. ил. _d21 |
||
| 225 | 1 | _aW.S. | |
| 333 | _a12+ | ||
| 686 |
_aШ9(2)72(4Вл) _2rubbk |
||
| 686 | 0 | _aШ9(4Вл)62-6 | |
| 700 | 1 |
_aШекспир _bУ. _f1564-1616 _gУильям |
|
| 702 | 1 |
_aЛинтон _bД. Д. _f1840-1916 _gДжеймс Дромгол _4040 |
|
| 702 | 1 |
_aЩепкина-Куперник _bТ. Л. _f1874-1952 _gТатьяна Львовна _4730 |
|
| 942 | _cBOOK | ||
| 980 | _aNBR | ||